<?xml version="1.0" encoding="UTF-8"?><?xml-stylesheet type="text/xsl" href="static/style.xsl"?><OAI-PMH xmlns="http://www.openarchives.org/OAI/2.0/" xmlns:xsi="http://www.w3.org/2001/XMLSchema-instance" xsi:schemaLocation="http://www.openarchives.org/OAI/2.0/ http://www.openarchives.org/OAI/2.0/OAI-PMH.xsd"><responseDate>2026-06-05T15:30:59Z</responseDate><request verb="GetRecord" identifier="oai:riuma.uma.es:10630/9382" metadataPrefix="marc">https://riuma.uma.es/rest/oai/request</request><GetRecord><record><header><identifier>oai:riuma.uma.es:10630/9382</identifier><datestamp>2026-02-03T12:52:05Z</datestamp><setSpec>com_10630_5701</setSpec><setSpec>com_10630_3139</setSpec><setSpec>com_10630_10</setSpec><setSpec>col_10630_9179</setSpec></header><metadata><record xmlns="http://www.loc.gov/MARC21/slim" xmlns:dcterms="http://purl.org/dc/terms/" xmlns:doc="http://www.lyncode.com/xoai" xmlns:xsi="http://www.w3.org/2001/XMLSchema-instance" xsi:schemaLocation="http://www.loc.gov/MARC21/slim http://www.loc.gov/standards/marcxml/schema/MARC21slim.xsd">
   <leader>00925njm 22002777a 4500</leader>
   <datafield ind2=" " ind1=" " tag="042">
      <subfield code="a">dc</subfield>
   </datafield>
   <datafield ind2=" " ind1=" " tag="720">
      <subfield code="a">Ramos-Palomo, María Dolores</subfield>
      <subfield code="e">author</subfield>
   </datafield>
   <datafield ind2=" " ind1=" " tag="260">
      <subfield code="c">1997</subfield>
   </datafield>
   <datafield ind2=" " ind1=" " tag="520">
      <subfield code="a">Este artículo ofrece una visión de "los años irreconciliables de España" a partir de los escritos autobiográficos de algunos de los perdedores de la última guerra civil: los testimonios del socialista italiano Pietro Nenni, publicados en II Nuovo Avant y el Almanaco Socialista; las memorias de Victoria Kent Siano, fruto de sus experiencias como refugiada en París en 1940-1944; el diario de Mª Teresa León Memoria de la melancolía, escrito en su deambular de un sitio a otro en pos de una Patria "pequeña como un patio o como una grieta en un muro muy sólido". Con un matiz militante, desgarrado o intimista, estos testimonios recuerdan los días de lucha y esperanza, las batallas lejanas, el éxodo, la huída, la pérdida de seres queridos y bienes diversos. El caminante (hombre o mujer) no encuentra descanso en su búsqueda. Son las horas sin regreso del exilio.</subfield>
   </datafield>
   <datafield ind1="8" ind2=" " tag="024">
      <subfield code="a">Baetica 19-2, 1997, p. 283-292.</subfield>
   </datafield>
   <datafield ind1="8" ind2=" " tag="024">
      <subfield code="a">0212-5099</subfield>
   </datafield>
   <datafield ind1="8" ind2=" " tag="024">
      <subfield code="a">http://hdl.handle.net/10630/9382</subfield>
   </datafield>
   <datafield tag="653" ind2=" " ind1=" ">
      <subfield code="a">España -- Historia -- 1936-1939, Guerra civil</subfield>
   </datafield>
   <datafield tag="653" ind2=" " ind1=" ">
      <subfield code="a">Exiliados españoles</subfield>
   </datafield>
   <datafield ind2="0" ind1="0" tag="245">
      <subfield code="a">Memorias de la guerra civil española y el exilio: El lenguaje de los perdedores</subfield>
   </datafield>
</record>
</metadata></record></GetRecord></OAI-PMH>